|
|
|
|
| LEADER |
00000naa a2200000uu 4500 |
| 001 |
vtls011075228 |
| 003 |
SK-MaSNL |
| 005 |
20260302111506.0 |
| 008 |
210908|2007 xo |||||||||||||||||slo| |
| 015 |
|
|
|a SNBRA
|
| 035 |
|
|
|a (urnnbn)urn:nbn:sk:snk:ar-a0cdvy
|
| 035 |
|
|
|a (uuid)131039d6-692c-4ace-9cc8-90d6862672ed
|
| 035 |
|
|
|a urn:nbn:sk:snk-aavk27
|
| 040 |
|
|
|a SNKBUCL
|b slo
|c SNKBUCL
|e AACR2
|
| 041 |
0 |
|
|a slo
|
| 044 |
|
|
|a xo
|c SK
|
| 100 |
1 |
|
|a Schmidt, Jozef
|4 aut
|9 779869
|
| 245 |
1 |
0 |
|a Regionalizácia osobnej železničnej dopravy na Slovensku
|c Jozef Schmidt
|
| 773 |
0 |
|
|t Verejná osobná doprava 2007
|d Bratislava : Kongres management, 2007
|g S. 46-47
|z 9788089275090
|
| 958 |
|
|
|a OND
|
| 958 |
|
|
|a article12
|
| 958 |
|
|
|a chapter
|
| 999 |
|
|
|c 1247876
|d 1249806
|